00868nam a2200229Ia 450000500170000000800410001708200160005824501440007425000190021830000510023749000480028865000300033665000430036665000460040994200200045526400250047533600270050033700330052733800280056004000350058899900150062320220317001159.0160825s9999 xx 000 0 und d04a628.1 bT7110aTratamiento básico de aguasbClasificación, características físicas, filtros, construcción, acueducto municipalhvideograbación a1a. edición  a1 video en VHS (25min)bsonido, color c20 cm  aVideoteca agropecuaria el campo y la ciudad142LEMBaAguavVideocasetes 142LEMBaAguas residuales vVideocasetes 142LEMBaPlanes de desarrollovVideocasetes  2ddccVIDEOCASET aEl Campo y La Ciudad atextobtxt2rdacontent asin mediaciónbn2rdamedia avolumenbnc2rdacarrier aCO-BoRNBPbspaerdacCO-BoRNBP c6166d6166